Birds' modern insurance law / (Record no. 451)

000 -LEADER
fixed length control field 00849cam a22002894a 4500
001 - CONTROL NUMBER
control field 16397008
003 - CONTROL NUMBER IDENTIFIER
control field OSt
005 - DATE AND TIME OF LATEST TRANSACTION
control field 20140116120828.0
008 - FIXED-LENGTH DATA ELEMENTS--GENERAL INFORMATION
fixed length control field 100811s2010 enk b 001 0 eng
010 ## - LIBRARY OF CONGRESS CONTROL NUMBER
LC control number 2010497322
020 ## - INTERNATIONAL STANDARD BOOK NUMBER
International Standard Book Number 9781847039163
040 ## - CATALOGING SOURCE
Original cataloging agency DLC
Transcribing agency DLC
043 ## - GEOGRAPHIC AREA CODE
Geographic area code e-uk---
050 00 - LIBRARY OF CONGRESS CALL NUMBER
Classification number KD1859.B57 2010
100 1# - MAIN ENTRY--PERSONAL NAME
Personal name Birds, John.
245 10 - TITLE STATEMENT
Title Birds' modern insurance law /
Statement of responsibility, etc John Birds.
246 30 - VARYING FORM OF TITLE
Title proper/short title Modern insurance law
250 ## - EDITION STATEMENT
Edition statement 8th ed.
260 ## - PUBLICATION, DISTRIBUTION, ETC. (IMPRINT)
Place of publication, distribution, etc London :
Name of publisher, distributor, etc Thomson Reuters,
Date of publication, distribution, etc 2010.
300 ## - PHYSICAL DESCRIPTION
Extent liv, 445 p.
504 ## - BIBLIOGRAPHY, ETC. NOTE
Bibliography, etc Includes bibliographical references and index.
650 #0 - SUBJECT ADDED ENTRY--TOPICAL TERM
Topical term or geographic name as entry element Insurance law
Geographic subdivision Great Britain.
700 1# - ADDED ENTRY--PERSONAL NAME
Personal name Birds, John.
Title of a work Modern insurance law.
906 ## - LOCAL DATA ELEMENT F, LDF (RLIN)
a 7
b cbc
c origcop
d 2
e ncip
f 20
g y-gencatlg
942 ## - ADDED ENTRY ELEMENTS (KOHA)
Source of classification or shelving scheme
Koha item type Book
Holdings
Withdrawn status Lost status Source of classification or shelving scheme Damaged status Not for loan Home library Current library Date acquired Source of acquisition Total Checkouts Total Renewals Full call number Barcode Date last seen Date checked out Copy number Price effective from Koha item type
          Riara University Library Riara University Library 20/10/2011 Purchase 4 1 KD1859.B57 2010 342/11 23/06/2023 07/06/2023 C.1 20/10/2011 Book
          Riara University Library Riara University Library 20/10/2011 Purchase 13 7 KD1859.B57 2010 340/11 26/08/2024 21/08/2024 C.2 20/10/2011 Book
          Riara University Library Riara University Library 20/10/2011 Purchase 13 1 KD1859.B57 2010 341/11 17/07/2023 05/07/2023 C.3 20/10/2011 Book

Riara University Library,
P.O. Box 49940-00100,
Nairobi, Kenya.